00514nam a2200169Ia 4500003000900000008004100009040001300050040001300063041000800076100001600084245001400100300000800114490000600122942000700128999001700135952019200152IT-RoPAU120407s9999 xx 000 0 und d aIT-RoPAU cIT-RoPAU aita aUgo Foscolo aLe poesie c cm v1 cBK c19733d19733 00102ddc4068_310000000000000_2771aPAULUSbPAULUSd2012-04-11l0o8.31.27r2012-04-11 00:00:00w2012-04-11yBKzInserito da: Sergio In data: 17 ottobre 2011 fondo: Fanella Progr:23659